Insane Call of Duty Zombies Trivia - Statistics

General Stats
  • This quiz has been taken 17,588 times
    17,586 since last reset
  • The average score is 47 of 101
Answer Stats
Hint Answer % Correct
First game to feature zombies mode Call of Duty: World at War
95%
Power-up that replenishes your ammunition Max-Ammo
91%
Power-up that kills all zombies that are on the map Nuke
91%
Power-up that makes all weapons a one-hit kill Instakill
90%
Strange chest that gives you a random weapon for 950 Mystery Box
90%
Weapon that shoots green bolts of exploding energy Ray Gun
89%
Power-up that activates all boxes and makes them cost only 10 points Fire Sale
87%
Power-up that boards up all windows Carpenter
86%
First ever zombie map Nacht der Untoten
86%
In order to open the door in the beginning of the asylum, you must activate ______ The Power
85%
Weapon you always start out with Colt M1911
83%
Perk that revives teammates faster Quick-Revive
83%
Perk that increases health Juggernog
82%
Perk that increases fire rate Double-Tap
80%
Perk that increases reload speed Speed Cola
80%
German doctor who has schizophrenia and worked for group 935 Edward Richtofen
75%
Creatures that appear every 5th, 6th, or 7th round Hellhounds
74%
American marine who is voiced by Steve Blum and calls zombies "freakbags" Tank Dempsey
74%
3rd zombies map (swamp) Shi no Numa
73%
2nd zombie map (asylum) Verruckt
73%
Machine that upgrades weapons Pack-a-punch
72%
5th zombie map (theatre) Kino der Toten
71%
6th zombie map (pentagon) Five
68%
115 came to earth in a ______ Meteor
68%
Japanese man who has a katana and isn't as funny as the other characters Takeo Masaki
68%
Weapon that shoots electricity and kills up to 10 zombies instantly Wunderwaffe DG-2
68%
Stuffed animals that appear when you play "hide and seek" Teddy Bears
67%
Special grenade that plays a song that distracts zombies and then explodes Monkey Bomb
66%
Russian man who loves vodka and has had many wives Nikolai Belinski
66%
Strange substance that powers the machines and wonder weapons Element 115
65%
Daughter of the above leader. She haunts all the maps Samantha Maxis
65%
Machines located throughout Der Riese that transport you across the map Teleporters
65%
Buyable melee weapon that's an insta-kill until round 10 (introduced in "factory") Bowie Knife
64%
Sequel to COD:WaW Call of Duty: Black Ops
64%
4th and final zombie map of WaW (factory) Der Riese
64%
President who appears in "pentagon" and in the campaign John F. Kennedy
63%
Weapon that releases a powerful wave that pushes back any zombies in front of you Thundergun
63%
Nazi leader of the group mentioned above Dr. Ludwig Maxis
61%
Perk that allows you to run faster and for longer distances StaminUp
59%
Perk that eliminates falling damage, splashback damage, and makes you explode when dolphin diving PhD Flopper
57%
7th zombie map that resembles an arcade game Dead Ops Arcade
56%
11th and (so far) final zombies map (space station) Moon
56%
Power-up that gives you a mini-gun Death Machine
54%
Costs 1000, and creates a barrier Electric Barrier
53%
Group of scientists who developed the zombies, wonder weapons, and machines Group 935
52%
Enemies that fly down from space and steal your perks in the cosmodrome Space Monkeys
51%
8th zombie map (cosmodrome) Ascension
50%
9th zombie map (lighthouse/shipwreck) Call of the Dead
50%
Cuban dictator Fidel Castro
48%
Gun that freezes zombies Winter's Howl
46%
In order to access the PaP machine on cosmodrome, you must launch this The Rocket
43%
Perk that increases accuracy and makes headshots easier Deadshot Daiquiri
42%
Special boss that you can fight on shipwreck; he uses a giant electric stagelight George Romero
42%
President who appears only in "pentagon" Richard Nixon
42%
10th zombie map (temple) Shangri-La
42%
Final boss fight in the arcade zombies game Cosmic Silverback
40%
Perk that gives you the option of a third gun Mule Kick
38%
The only standard WaW weapon to appear on "theatre" MP40
37%
The 31-75 JGb215 is basically a ______ ray (what does it do to zombies?) shrink
37%
How many perks currently exist? Eight
36%
Scientist that uses teleporters and steals your weapons in the pentagon map Pentagon Thief
36%
If you activate three in the first swamp hut, you hear coordinates Radio
34%
The characters from the main story arc have been trapped behind a _______ door
33%
What do you blow up at the conclusion of the space station easter egg? The Earth
31%
American operative who was captured at the asylum, and was contacted through radios in the swamp Peter
30%
When you begin the "space station" map, you start out here Area 51
28%
You can use these on the theater projector to see hidden images Film Reels
27%
The MPD is a __________ (hint: samantha rises out of it) pyramid
27%
Explosive sniper rifle that does a lot of damage Scavenger
27%
When you pull the lever next to the MPD, you need to collect the zombies' ________ souls
27%
Lead scientist at the soviet cosmodrome backstory Gersch
26%
Instead of power in the temple, you activate it by releasing the ______ water
26%
Easter egg song on "factory" Beauty of Annihilation
24%
What does Richtofen want to have the power of? God
23%
Weapon from shipwreck that turns zombies into humans V-R11
23%
This weapon makes zombies inflate and explode Wave Gun
23%
Special grenade that opens a black hole Gersch Device
22%
In the shipwreck easter egg, you acquire this for Richtofen Golden Rod
22%
You need one of these to breathe in space PES (Spacesuit)
22%
Device that allows you to hack/modify aspects of the map The Hacker
21%
Actor who played Machete Danny Trejo
20%
During the easter egg on the cosmodrome, you need to spell out this word: LUNA
20%
Special grenade that explodes into three more grenades Matrioshka Dolls
19%
You play this game to start the space station easter egg Samantha Says
19%
Dual wielding electric pistols Zap Gun
19%
You can use these to travel quickly above the cosmodrome Lunar Landers
18%
Secretary of defense who appears in "pentagon" Robert McNamara
18%
These large machines will break through the space station and take away gravity and oxygen Excavators
17%
Actress who played Buffy in Buffy the Vampire Slayer Sarah Michelle Gellar
17%
This is the song used in the official trailer for the "swamp" map The One
17%
When you activate the easter egg in "temple", the sun is replaced by an __________ eclipse
15%
This astronaut moves around the map slowly and tries to grab you Zombo-naut
15%
Actor who played Merle Dixon on The Walking Dead Michael Rooker
13%
These special grenades have random effects when detonating Quantum Entanglement Device
13%
Actor who played Freddy Kruger in Nightmare on Elm St. Robert Englund
13%
At the end of the "temple" easter egg, you recieve this The Focusing Stone
13%
Scientist who is replaced in the soviet cosmodrome backstory Yuri
13%
The explorers from the past Brock and Gary
11%
Richtofen does this to the golden rod and focusing stone Fuses them
7%
Easter egg song from shipwreck I'm Not Ready to Die
7%
This is the mechanism that must be repaired in the easter egg on "cosmodrome" Kassimir Mechanism
2%
No matching quizzes found
Score Distribution
Percent of People with Each Score
Percentile by Number Answered
Your Score History
You have not taken this quiz since the last reset